Les plus gros transferts du football - Saison 2017-2018 - Statistiques

Statistiques générales
  • Ce quiz a été pris 126 fois
  • Le résultat moyen est 9 sur 10
Statistiques - réponses
Montant de transfert (M €) Nationalité Venant de Allant à Joueur % Correct
222,00 Brésil Barcelone Paris SG Neymar
100%
135,00 France Borussia Dortmund Barcelone Ousmane Dembélé
97%
135,00 Brésil Liverpool Barcelone Philippe Coutinho
94%
63,75 France / Gabon Borussia Dortmund Arsenal Pierre-Emerick Aubameyang
93%
65,00 France / Espagne Athletic Manchester City Aymeric Laporte
90%
84,65 Pays-Bas Southampton Liverpool Virgil van Dijk
90%
84,70 Belgique FC Everton Manchester United Romelu Lukaku
85%
57,50 France AS Monaco Manchester City Benjamin Mendy
83%
60,00 Brésil / Espagne Chelsea Atlético Madrid Diego Costa
72%
66,00 Espagne Real Madrid Chelsea Álvaro Morata
59%
Aucun quiz correspondant
Distribution des résultats
% des personnes avec chaque résultat
Percentile par nombre de réponses
Votre historique - résultats
Vous n’avez pas pris ce quiz